Pozycja Topical Term
Liczba rekordów, w których użyto hasła: 1
001 - Numer kontrolny
- control field: 39195
003 - Identyfikator numeru kontrolnego
- control field: NUKAT
005 - Data i czas ostatniej modyfikacji
- control field: 20260330110123.0
008 - Dane kontrolne kodowane (40 znaków)
- fixed length control field: 050120n||azznnbabn |a ana |
010 ## - Numer kontrolny Biblioteki Kongresu
- numer kontrolny LC: p 2004303243
035 ## - Numer systemowy
- numer systemowy: a10033063
035 ## - Numer systemowy
- numer systemowy: (PL)a0000001003306
040 ## - Instytucja sporządzająca rekord
- inst. przygot. dane do rek. khw: WA N
- język haseł przedmiotowych/tezaurus: DBN
- inst. wprow. rek. khw: WA N
072 ## - Kod kategorii przedmiotu
- kod kategorii przedmiotu: 6
150 ## - Hasło - nazwa pospolita
- nazwa posp. lub nazwa geogr. na pocz.: Krzewy
550 ## - Trop zob. też - nazwa pospolita
- podpole kontrolne: g
- nazwa posp. lub nazwa geogr. na pocz.: Rośliny nasienne
550 ## - Trop zob. też - nazwa pospolita
- nazwa posp. lub nazwa geogr. na pocz.: Arborystyka
550 ## - Trop zob. też - nazwa pospolita
- nazwa posp. lub nazwa geogr. na pocz.: Dendrologia
550 ## - Trop zob. też - nazwa pospolita
- nazwa posp. lub nazwa geogr. na pocz.: Gałąź (część rośliny)
550 ## - Trop zob. też - nazwa pospolita
- nazwa posp. lub nazwa geogr. na pocz.: Gruby rumosz drzewny
550 ## - Trop zob. też - nazwa pospolita
- nazwa posp. lub nazwa geogr. na pocz.: Rośliny okrywowe
550 ## - Trop zob. też - nazwa pospolita
- nazwa posp. lub nazwa geogr. na pocz.: Strefy roślinności krzewiastej
550 ## - Trop zob. też - nazwa pospolita
- nazwa posp. lub nazwa geogr. na pocz.: Zadrzewienia śródpolne
550 ## - Trop zob. też - nazwa pospolita
- nazwa posp. lub nazwa geogr. na pocz.: Zieleń przydrożna
550 ## - Trop zob. też - nazwa pospolita
- podpole kontrolne: h
- nazwa posp. lub nazwa geogr. na pocz.: Bez dziki
550 ## - Trop zob. też - nazwa pospolita
- podpole kontrolne: h
- nazwa posp. lub nazwa geogr. na pocz.: Drzewa i krzewy szybko rosnące
550 ## - Trop zob. też - nazwa pospolita
- podpole kontrolne: h
- nazwa posp. lub nazwa geogr. na pocz.: Jałowiec pospolity
550 ## - Trop zob. też - nazwa pospolita
- podpole kontrolne: h
- nazwa posp. lub nazwa geogr. na pocz.: Kosodrzewina
550 ## - Trop zob. też - nazwa pospolita
- podpole kontrolne: h
- nazwa posp. lub nazwa geogr. na pocz.: Krzewy liściaste
550 ## - Trop zob. też - nazwa pospolita
- podpole kontrolne: h
- nazwa posp. lub nazwa geogr. na pocz.: Krzewy ozdobne
550 ## - Trop zob. też - nazwa pospolita
- podpole kontrolne: h
- nazwa posp. lub nazwa geogr. na pocz.: Sosna karłowa
682 ## - Informacja o usuniętym haśle
- tekst wyjaśniający: zatwierdzone